[Event "Caro Kann Blitz"]
[Site "SchemingMind.com"]
[Date "2008.02.02"]
[Round "-"]
[White "asanopiyo"]
[Black "Schaakmaatje"]
[Result "1-0"]
[WhiteCountry "JPN"]
[BlackCountry "NED"]
[WhiteElo "1688"]
[WhiteRD "78"]
[BlackElo "1746"]
[BlackRD "45"]
[GameID "140034"]

1. e4 c6 2. d4 d5 3. exd5 cxd5 4. c4 Nf6 5. Nc3 g6 6. Bg5 Bg7 7. Qb3 Ne4 8. Nxe4 dxe4 9. d5 O-O 10. f3 exf3
11. Nxf3 Nd7 12. Be2 Nc5 13. Qe3 Qa5+ 14. Kf2 f6 15. Bf4 e5 16. Bg3 Bf5 17. Nd2 Qc7 18. b4 Na4 19. c5 Qd7 20. Rhf1
1-0

[Event "Caro Kann Blitz"]
[Site "SchemingMind.com"]
[Date "2008.02.02"]
[Round "-"]
[White "asanopiyo"]
[Black "MotoXRider31"]
[Result "0-1"]
[WhiteCountry "JPN"]
[BlackCountry "USA"]
[WhiteElo "1688"]
[WhiteRD "78"]
[BlackElo "2224"]
[BlackRD "80"]
[GameID "140035"]

1. e4 c6 2. d4 d5 3. Nc3 dxe4 4. Nxe4 Nd7 5. Nf3 Ngf6 6. Bd3 Nxe4 7. Bxe4 Nf6 8. Bd3 Bg4 9. c3 Qd5 10. h3 Bxf3
11. gxf3 O-O-O 12. Be3 g6 13. b4 e5 14. Ke2 exd4 15. Bxd4 c5 16. Be4 Nxe4 17. Bxh8 Nxc3+ 18. Bxc3 Qc4+ 19. Ke3 Bh6+ 20. f4 Qxf4+
21. Ke2 Qe4+ 22. Kf1 Qxh1+ 23. Ke2 Re8+
0-1

[Event "Caro Kann Blitz"]
[Site "SchemingMind.com"]
[Date "2008.02.02"]
[Round "-"]
[White "asanopiyo"]
[Black "dcon"]
[Result "0-1"]
[WhiteCountry "JPN"]
[BlackCountry "RSA"]
[WhiteElo "1688"]
[WhiteRD "78"]
[BlackElo "2088"]
[BlackRD "70"]
[GameID "140037"]

1. e4 c6 2. d4 d5 3. exd5 cxd5 4. Nf3 Bf5 5. Bg5 Qb6 6. b3 e6 7. c3 Nc6 8. Nbd2 Qa5 9. a4 Qxc3 10. Rc1 Qa5
11. Bb5 Rc8 12. Ne5 f6 13. Nxc6 bxc6 14. Be3 Qb6 15. g4 Bg6 16. O-O Ba3 17. Nc4 dxc4 18. d5 Qd8 19. dxc6 Qxd1 20. Rcxd1 cxb3
21. Bxa7 Ne7 22. c7+ Kf7 23. Bb6 Nd5 24. a5 Bd6 25. a6 Bc2 26. Bd4 Rxc7 27. a7 Bxd1 28. Rxd1 Bc5
0-1

[Event "Caro Kann Blitz"]
[Site "SchemingMind.com"]
[Date "2008.02.03"]
[Round "-"]
[White "shadrach"]
[Black "asanopiyo"]
[Result "1-0"]
[WhiteCountry "AUS"]
[BlackCountry "JPN"]
[WhiteElo "1799"]
[WhiteRD "91"]
[BlackElo "1688"]
[BlackRD "78"]
[GameID "140038"]

1. e4 c6 2. d4 d5 3. Nc3 dxe4 4. Nxe4 Nd7 5. Ng5 Ngf6 6. Bd3 h6 7. Ne6 Qb6 8. Nxf8 Rxf8 9. Nf3 g5 10. c3 c5
11. O-O Nd5 12. c4 Nf4 13. Bxf4 gxf4 14. Qe2 cxd4 15. Rfe1 Qf6 16. Nxd4 Nc5 17. Nb5 Kd7 18. Rad1 e6 19. Be4+ Ke7 20. Qd2 e5
21. Nc7
1-0

[Event "Caro Kann Blitz"]
[Site "SchemingMind.com"]
[Date "2008.02.03"]
[Round "-"]
[White "jtrochez1"]
[Black "asanopiyo"]
[Result "1-0"]
[WhiteCountry "HON"]
[BlackCountry "JPN"]
[WhiteElo "1556"]
[WhiteRD "53"]
[BlackElo "1688"]
[BlackRD "78"]
[GameID "140039"]

1. e4 c6 2. d4 d5 3. exd5 cxd5 4. Nf3 Nf6 5. Nc3 Bg4 6. Be2 e6 7. a3 Nc6 8. Be3 a6 9. O-O Bd6 10. h3 Bh5
11. Qd2 h6 12. Bf4 Be7 13. Qe3 g5 14. Be5 Rg8 15. Rad1 Nd7 16. Bh2 b5 17. Kh1 Nf8 18. Ne5 Nxe5 19. Bxe5 Bxe2 20. Nxe2 Rc8
21. c3 h5 22. Ng1 g4 23. Qh6 h4 24. Rd3 Kd7 25. Qd2 f6 26. Bh2 f5 27. b4 Qe8 28. Re1 Qh5 29. Rde3 Bg5 30. Qe2 Bxe3
31. Qxe3 Qf7 32. Qe5 Qe7 33. Qe3 Ng6 34. Ne2 Rcf8 35. Nf4 Nxf4 36. Qxf4 Kc6 37. Rxe6+
1-0

[Event "Caro Kann Blitz"]
[Site "SchemingMind.com"]
[Date "2008.02.03"]
[Round "-"]
[White "jdcald13"]
[Black "asanopiyo"]
[Result "0-1"]
[WhiteCountry "USA"]
[BlackCountry "JPN"]
[WhiteElo "1953"]
[WhiteRD "49"]
[BlackElo "1688"]
[BlackRD "78"]
[GameID "140040"]

1. e4 c6 2. d4 d5 3. e5 Bf5 4. Nc3 e6 5. g4 Bg6 6. Nge2 Nd7 7. h4 h6 8. Be3 Ne7 9. Qd2 b5 10. h5 Bh7
11. O-O-O a5 12. f4 a4 13. Bh3 b4 14. Nb1 Nc8 15. f5 Ncb6 16. b3 axb3 17. cxb3 c5 18. fxe6 fxe6 19. g5 hxg5 20. Bxg5 Be7
21. Bxe7 Qxe7 22. dxc5 Nxc5 23. Nd4 Nd3+
0-1

[Event "Caro Kann Blitz"]
[Site "SchemingMind.com"]
[Date "2008.02.02"]
[Round "-"]
[White "Schaakmaatje"]
[Black "asanopiyo"]
[Result "0-1"]
[WhiteCountry "NED"]
[BlackCountry "JPN"]
[WhiteElo "1746"]
[WhiteRD "45"]
[BlackElo "1688"]
[BlackRD "78"]
[GameID "140041"]

1. e4 c6 2. d4 d5 3. e5 Bf5 4. g4 Bg6 5. f4 Be4 6. Nf3 e6 7. Bd2 Qb6 8. Bc3 Nd7 9. Nbd2 f5 10. Nxe4 dxe4
11. Ng5 c5 12. Bc4 Nh6 13. Nxe6 Nxg4 14. dxc5 Nxc5 15. Ng5 Nd3+
0-1

[Event "Caro Kann Blitz"]
[Site "SchemingMind.com"]
[Date "2008.02.03"]
[Round "-"]
[White "MotoXRider31"]
[Black "asanopiyo"]
[Result "1-0"]
[WhiteCountry "USA"]
[BlackCountry "JPN"]
[WhiteElo "2224"]
[WhiteRD "80"]
[BlackElo "1688"]
[BlackRD "78"]
[GameID "140042"]

1. e4 c6 2. d4 d5 3. e5 e6 4. Nf3 Nd7 5. Bd3 c5 6. c3 c4 7. Bc2 Ne7 8. Ng5 h6 9. Nh7 f6 10. Qh5+ g6
11. Bxg6+ Nxg6 12. Qxg6+ Ke7 13. Nxf6 b5 14. Bf4 Bb7 15. Bg3 Qa5 16. Bh4 Kd8 17. Qe8+ Kc7 18. Qxd7+
1-0

[Event "Caro Kann Blitz"]
[Site "SchemingMind.com"]
[Date "2008.02.03"]
[Round "-"]
[White "dcon"]
[Black "asanopiyo"]
[Result "1-0"]
[WhiteCountry "RSA"]
[BlackCountry "JPN"]
[WhiteElo "2088"]
[WhiteRD "70"]
[BlackElo "1688"]
[BlackRD "78"]
[GameID "140044"]

1. e4 c6 2. d4 d5 3. Nc3 dxe4 4. Nxe4 Bf5 5. Qf3 e6 6. Be3 Bb4+ 7. c3 Be7 8. Bd3 Nd7 9. Ne2 h5 10. h3 Ne5
11. dxe5 Qxd3 12. N4g3 Qb5 13. Nxf5 exf5 14. Qxf5 Qxb2 15. Rb1 Qxa2 16. Rxb7 Rd8 17. Rxa7 Qd5 18. O-O f6 19. Nf4 Qxe5 20. Qg6+ Kf8
21. Ra5 Qd6 22. Re1 Rh6 23. Qe4 f5 24. Rxf5+ Ke8 25. Bc5 Nf6 26. Qxe7+ Qxe7 27. Rxe7+ Kf8 28. Ne6+ Kg8 29. Nxd8
1-0

[Event "Caro Kann Blitz"]
[Site "SchemingMind.com"]
[Date "2008.02.02"]
[Round "-"]
[White "keen"]
[Black "shadrach"]
[Result "1/2-1/2"]
[WhiteCountry "SCO"]
[BlackCountry "AUS"]
[WhiteElo "1708"]
[WhiteRD "61"]
[BlackElo "1838"]
[BlackRD "89"]
[GameID "140069"]

1. e4 c6 2. d4 d5 3. e5 Bf5 4. c3 e6 5. Be2 Nd7 6. Nf3 c5 7. O-O Ne7 8. Nh4 Qb6 9. Nxf5 Nxf5 10. Bg4 Nh6
11. Bxh6 gxh6 12. Qd2 Rg8 13. h3 O-O-O 14. Na3 f5 15. Bf3 Kb8 16. Rad1 c4 17. Rb1 Qc7 18. b3 Bxa3 19. b4 Nb6 20. Qxh6 Rg6
21. Qh4 Rdg8 22. Rfe1 Qg7 23. Kf1 h6 24. Ke2 Rg5=
1/2-1/2

[Event "Caro Kann Blitz"]
[Site "SchemingMind.com"]
[Date "2008.02.02"]
[Round "-"]
[White "keen"]
[Black "jtrochez1"]
[Result "1-0"]
[WhiteCountry "SCO"]
[BlackCountry "HON"]
[WhiteElo "1708"]
[WhiteRD "61"]
[BlackElo "1579"]
[BlackRD "50"]
[GameID "140070"]

1. e4 c6 2. d4 d5 3. Nd2 dxe4 4. Nxe4 Bf5 5. Ng3 Bg6 6. c3 e6 7. Nf3 h6 8. Ne5 Bh7 9. Be2 Nf6 10. O-O Bd6
11. Nc4 Be7 12. Ne5 Nbd7 13. Bd3 Bxd3 14. Nxd3 O-O 15. Re1 Bd6 16. Ne5 Bxe5 17. dxe5 Nd5 18. Qg4 Kh7 19. Nh5 Rg8 20. Bd2 f5
21. Qg3 g5 22. Rad1 f4 23. Qd3+ Kh8 24. c4 N5b6 25. Bc3 Qe8 26. Nf6 Nxf6 27. exf6 Qf7 28. Rxe6 Rae8 29. Re7
1-0

[Event "Caro Kann Blitz"]
[Site "SchemingMind.com"]
[Date "2008.02.03"]
[Round "-"]
[White "keen"]
[Black "jdcald13"]
[Result "0-1"]
[WhiteCountry "SCO"]
[BlackCountry "USA"]
[WhiteElo "1759"]
[WhiteRD "65"]
[BlackElo "1953"]
[BlackRD "49"]
[GameID "140071"]

1. e4 c6 2. d4 d5 3. Nd2 dxe4 4. Nxe4 Bf5 5. Ng3 Bg6 6. Nf3 Nd7 7. c3 e6 8. Be2 Ngf6 9. O-O Bd6 10. Nh4 O-O
11. Nxg6 hxg6 12. Bg5 Qc7 13. c4 c5 14. d5 exd5 15. cxd5 Rfe8 16. Rc1 Nb6 17. Re1 Nbxd5 18. Bb5 Rxe1+ 19. Qxe1 a6 20. Ba4 b5
21. Bc2 Re8 22. Qd2 Bf4 23. Bxf4 Qxf4 24. Qxf4 Nxf4 25. h3 N6h5 26. Ne4 Ne2+
0-1

[Event "Caro Kann Blitz"]
[Site "SchemingMind.com"]
[Date "2008.02.03"]
[Round "-"]
[White "keen"]
[Black "asanopiyo"]
[Result "0-1"]
[WhiteCountry "SCO"]
[BlackCountry "JPN"]
[WhiteElo "1708"]
[WhiteRD "61"]
[BlackElo "1729"]
[BlackRD "79"]
[GameID "140072"]

1. e4 c6 2. d4 d5 3. e5 Bf5 4. c3 Nd7 5. Be2 e6 6. Nf3 h6 7. O-O c5 8. Re1 Ne7 9. Nbd2 Nc6 10. Nf1 Qc7
11. a3 c4 12. Ng3 Bh7 13. Nf1 b5 14. Be3 Be7 15. Rc1 a5 16. Ng3 a4 17. Qd2 Na5 18. Nh5 Rg8 19. h3 Nb3 20. Qd1 g6
21. Nf6+ Bxf6 22. exf6 g5 23. Ne5 Nxf6 24. Bh5 Rg7 25. Qf3 Nxh5 26. Qxh5 Nxc1 27. Bxc1 O-O-O 28. Qxh6 Rdg8 29. Ng4 Bf5 30. Nf6 Rg6
31. Nxg8 Rxh6 32. Nxh6 f6 33. Nxf5 exf5 34. Re6 Qf7 35. Rb6 Qe8 36. Kf1 Qe4 37. Rxb5 Qc2 38. Be3 Qd1#
0-1

[Event "Caro Kann Blitz"]
[Site "SchemingMind.com"]
[Date "2008.02.02"]
[Round "-"]
[White "keen"]
[Black "Schaakmaatje"]
[Result "1-0"]
[WhiteCountry "SCO"]
[BlackCountry "NED"]
[WhiteElo "1708"]
[WhiteRD "61"]
[BlackElo "1755"]
[BlackRD "46"]
[GameID "140073"]

1. e4 c6 2. d4 d5 3. Nd2 dxe4 4. Nxe4 Bf5 5. Ng3 Bg6 6. Nf3 Nd7 7. c3 e6 8. Be2 Ngf6 9. O-O Bd6 10. Qb3 Rb8
11. Ng5 O-O 12. Bc4 Qb6 13. Qd1 Nd5 14. N3e4 Be7 15. Re1 h6 16. Nf3 N7f6 17. Nxf6+ Bxf6 18. Bd3 Bh5 19. Be2 Qc7 20. h3 Rbe8
21. Ne5 Bxe2 22. Qxe2 Bxe5 23. dxe5 Qe7 24. Qg4 f5 25. Qg3 g5 26. c4 Nb4 27. Qb3 c5 28. a3 Nc6 29. h4 Rf7 30. Bd2 Nd4
31. Qd3 Rd8 32. Rad1 Kg7 33. Qg3 f4 34. Qg4 Rg8 35. hxg5 Qxg5 36. Qh3 h5 37. Re4 Qg4 38. Qxg4+ hxg4 39. Bxf4 Kg6 40. Be3 Kf5
41. Rf4+ Kg6 42. Rxg4+ Kh7 43. Rxg8 Kxg8 44. Bxd4 cxd4 45. Rxd4 Rc7 46. b4 b6 47. f4 Kg7 48. g4 Kg6 49. Kf2 Rf7 50. Ke3 Rc7
51. Kd3 Rf7 52. Rd6 Rxf4 53. Rxe6+ Kf7 54. Rf6+ Rxf6 55. exf6 Kxf6 56. Kd4 Kg5 57. c5 bxc5+ 58. bxc5
1-0

[Event "Caro Kann Blitz"]
[Site "SchemingMind.com"]
[Date "2008.02.02"]
[Round "-"]
[White "keen"]
[Black "MotoXRider31"]
[Result "0-1"]
[WhiteCountry "SCO"]
[BlackCountry "USA"]
[WhiteElo "1708"]
[WhiteRD "61"]
[BlackElo "2172"]
[BlackRD "79"]
[GameID "140074"]

1. e4 c6 2. d4 d5 3. exd5 cxd5 4. c4 Nf6 5. Nc3 Nc6 6. Nf3 Bg4 7. cxd5 Nxd5 8. Be2 e6 9. O-O Bb4 10. Bd2 O-O
11. Rc1 Bxf3 12. Bxf3 Nxd4 13. Nxd5 Bxd2 14. Qxd2 Nxf3+ 15. gxf3 exd5 16. Rfd1 Qb6 17. Qxd5 Rae8 18. b3 Re2 19. Rd4 Rxa2 20. Rcd1 Rb2
21. Qd8 Rxb3 22. Kg2 Qxd8 23. Rxd8 a5 24. R8d5 b5 25. Rd7 a4 26. Ra7 a3 27. Rd2 Rb2 28. Rd1 b4 29. Ra1 h5 30. Ra5 Rc8
31. Ra4 Rcc2
0-1

[Event "Caro Kann Blitz"]
[Site "SchemingMind.com"]
[Date "2008.02.02"]
[Round "-"]
[White "keen"]
[Black "dcon"]
[Result "0-1"]
[WhiteCountry "SCO"]
[BlackCountry "RSA"]
[WhiteElo "1759"]
[WhiteRD "65"]
[BlackElo "2088"]
[BlackRD "70"]
[GameID "140076"]

1. e4 c6 2. d4 d5 3. e5 Bf5 4. c3 e6 5. Be2 Nd7 6. Nf3 Ne7 7. O-O c5 8. Nbd2 Nc6 9. Re1 a6 10. Nf1 cxd4
11. cxd4 Bb4 12. Bd2 Qb6 13. Ne3 Be4 14. Ng5 Qxd4 15. Nxe4 Qxe4 16. Bf3 Qd3 17. Bxb4 Qxd1 18. Raxd1 Nxb4 19. a3 Nc6 20. h3 Ndxe5
21. b4 Nxf3+ 22. gxf3 O-O
0-1

[Event "Caro Kann Blitz"]
[Site "SchemingMind.com"]
[Date "2008.02.02"]
[Round "-"]
[White "shadrach"]
[Black "keen"]
[Result "1/2-1/2"]
[WhiteCountry "AUS"]
[BlackCountry "SCO"]
[WhiteElo "1838"]
[WhiteRD "89"]
[BlackElo "1708"]
[BlackRD "61"]
[GameID "140077"]

1. e4 c6 2. d4 d5 3. Nc3 g6 4. e5 Bg7 5. f4 Nh6 6. Nf3 O-O 7. Be3 Nf5 8. Bf2 Nd7 9. Be2 e6 10. Qd2 c5
11. O-O-O cxd4 12. Nxd4 Nxd4 13. Bxd4 Qa5 14. Kb1 Nb6 15. h4 Bd7 16. g4 Rac8 17. h5 Nc4 18. Bxc4 dxc4 19. hxg6 fxg6 20. Qh2 h6
21. g5 h5 22. Ne4 Kf7 23. Nd6+ Kg8 24. Nxc8=
1/2-1/2

[Event "Caro Kann Blitz"]
[Site "SchemingMind.com"]
[Date "2008.02.02"]
[Round "-"]
[White "jtrochez1"]
[Black "keen"]
[Result "1-0"]
[WhiteCountry "HON"]
[BlackCountry "SCO"]
[WhiteElo "1556"]
[WhiteRD "53"]
[BlackElo "1759"]
[BlackRD "65"]
[GameID "140078"]

1. e4 c6 2. d4 d5 3. exd5 cxd5 4. Nc3 Nc6 5. Be3 Nf6 6. h3 e6 7. a3 Be7 8. Nf3 O-O 9. Bd3 Re8 10. Qd2 e5
11. dxe5 d4 12. Nxd4 Nxd4 13. Bxd4 Qxd4 14. Bxh7+
1-0

[Event "Caro Kann Blitz"]
[Site "SchemingMind.com"]
[Date "2008.02.03"]
[Round "-"]
[White "jdcald13"]
[Black "keen"]
[Result "1-0"]
[WhiteCountry "USA"]
[BlackCountry "SCO"]
[WhiteElo "1976"]
[WhiteRD "53"]
[BlackElo "1708"]
[BlackRD "61"]
[GameID "140079"]

1. e4 c6 2. d4 d5 3. e5 Bf5 4. Nc3 e6 5. g4 Bg6 6. Nge2 Bb4 7. h4 h6 8. h5 Be4 9. Rh2 Bf3 10. Bh3 c5
11. a3 Bxc3+ 12. bxc3 cxd4 13. cxd4 Nc6 14. Be3 Qa5+ 15. Qd2 Qa6 16. Qd3 Qxd3 17. cxd3 Bxe2 18. Kxe2 Nge7 19. Rb1 Na5 20. Bd2 Nec6
21. Bxa5 Nxa5 22. Rb5 b6 23. f4 Ke7 24. f5 Rhc8 25. Ke3 Rc3 26. fxe6 fxe6 27. Ra2 Nc4+ 28. Ke2 Nxa3 29. Rbb2 Rac8 30. Kd2 R8c6
31. Bf1 a6 32. Be2 b5 33. Bd1 a5 34. Rb3 b4 35. Raxa3 bxa3 36. Rxc3 Rxc3 37. Kxc3 Kf7 38. Kb3 g6 39. Kxa3 g5 40. Ka4 Ke7
41. Kxa5 Kd7 42. Kb6 Ke7 43. Kc7
1-0

[Event "Caro Kann Blitz"]
[Site "SchemingMind.com"]
[Date "2008.02.03"]
[Round "-"]
[White "asanopiyo"]
[Black "keen"]
[Result "1-0"]
[WhiteCountry "JPN"]
[BlackCountry "SCO"]
[WhiteElo "1688"]
[WhiteRD "78"]
[BlackElo "1759"]
[BlackRD "65"]
[GameID "140080"]

1. e4 c6 2. d4 d5 3. exd5 cxd5 4. c4 Nf6 5. Nc3 Nc6 6. Bf4 e6 7. Nf3 Be7 8. a3 O-O 9. c5 Re8 10. Nb5 Nh5
11. Bc7 Qd7 12. Ne5 Nxe5 13. Bxe5 f6 14. Bd6 Bxd6 15. Nxd6 Nf4 16. Bb5
1-0

[Event "Caro Kann Blitz"]
[Site "SchemingMind.com"]
[Date "2008.02.02"]
[Round "-"]
[White "Schaakmaatje"]
[Black "keen"]
[Result "1-0"]
[WhiteCountry "NED"]
[BlackCountry "SCO"]
[WhiteElo "1755"]
[WhiteRD "46"]
[BlackElo "1708"]
[BlackRD "61"]
[GameID "140081"]

1. e4 c6 2. d4 d5 3. e5 Bf5 4. g4 Bg6 5. f4 Be4 6. Nf3 e6 7. Bd3 Bxf3 8. Qxf3 Nd7 9. Nc3 Qh4+ 10. Qg3 Be7
11. Bd2 Qxg3+ 12. hxg3 c5 13. Nb5 Kd8 14. f5 a6 15. fxe6 fxe6 16. Nc3 cxd4 17. Ne2 Nxe5 18. Nxd4 Kd7 19. Rxh7 Nf6 20. Rxh8 Rxh8
21. O-O-O Nxd3+ 22. cxd3 Nxg4 23. Re1 e5 24. Nf5 Bf6 25. Bb4 Rh2 26. Ba3 Bg5+ 27. Kb1 Bf6 28. Nd6 b5 29. Nf5 Nf2 30. Kc2 Ke6
31. Ne3 Ne4+ 32. Kb3 Nxg3 33. Kb4 Be7+ 34. Kb3 Bxa3 35. Kxa3 a5 36. Ng4 e4 37. Nxh2= g5 38. Kb3 Ke5 39. dxe4 dxe4 40. Kc3 Nf5
41. Nf3+ Kf4 42. Nd4 Nd6 43. Rf1+ Ke3 44. Nf5+ Nxf5 45. Rxf5 g4 46. Rg5 Kf3 47. Kd2 e3+ 48. Ke1 e2 49. Rg8 g3 50. Rg7 g2
51. Rg8 a4 52. a3
1-0

[Event "Caro Kann Blitz"]
[Site "SchemingMind.com"]
[Date "2008.02.02"]
[Round "-"]
[White "MotoXRider31"]
[Black "keen"]
[Result "1-0"]
[WhiteCountry "USA"]
[BlackCountry "SCO"]
[WhiteElo "2224"]
[WhiteRD "80"]
[BlackElo "1759"]
[BlackRD "65"]
[GameID "140082"]

1. e4 c6 2. d4 d5 3. e5 Bf5 4. Nf3 e6 5. c3 c5 6. Be3 Nc6 7. dxc5 Qc7 8. Qa4 O-O-O 9. Nd4 Nge7 10. Nb5 Qa5
11. Qxa5 Nxa5 12. Nd6+ Kb8 13. Nxf7
1-0

[Event "Caro Kann Blitz"]
[Site "SchemingMind.com"]
[Date "2008.02.02"]
[Round "-"]
[White "dcon"]
[Black "keen"]
[Result "1-0"]
[WhiteCountry "RSA"]
[BlackCountry "SCO"]
[WhiteElo "2088"]
[WhiteRD "70"]
[BlackElo "1759"]
[BlackRD "65"]
[GameID "140084"]

1. e4 c6 2. d4 d5 3. Nc3 g6 4. Nf3 dxe4 5. Nxe4 Bg7 6. Bc4 Bf5 7. Ng3 Bg4 8. h3 Bxf3 9. Qxf3 e6 10. c3 Ne7
11. O-O O-O 12. Bg5 h6 13. Be3 Nd7 14. Rfe1 Nd5 15. Rad1 Nxe3 16. Rxe3 Nb6 17. Bb3 Qc7 18. Ne4 Nd7 19. Nc5
1-0

[Event "Caro Kann Blitz"]
[Site "SchemingMind.com"]
[Date "2008.02.04"]
[Round "-"]
[White "Eduardo Lucas"]
[Black "shadrach"]
[Result "0-1"]
[WhiteCountry "BRA"]
[BlackCountry "AUS"]
[WhiteElo "1627"]
[WhiteRD "86"]
[BlackElo "1799"]
[BlackRD "91"]
[GameID "140154"]

1. e4 c6 2. d4 d5 3. exd5 cxd5 4. c4 Nf6 5. Nc3 e6 6. Nf3 Be7 7. Bd3 dxc4 8. Bxc4 O-O 9. O-O Nc6 10. a3 a6
11. Be3 b5 12. Bd3 Bb7 13. Rc1 Rc8 14. Re1 Qc7 15. Ne4 Rfd8
0-1

[Event "Caro Kann Blitz"]
[Site "SchemingMind.com"]
[Date "2008.02.03"]
[Round "-"]
[White "Eduardo Lucas"]
[Black "jtrochez1"]
[Result "0-1"]
[WhiteCountry "BRA"]
[BlackCountry "HON"]
[WhiteElo "1627"]
[WhiteRD "86"]
[BlackElo "1556"]
[BlackRD "53"]
[GameID "140155"]

1. e4 c6 2. d4 d5 3. exd5 cxd5 4. c4 e6 5. Nf3 Nc6 6. Bd3 h6 7. O-O Qc7 8. cxd5 exd5 9. Re1+ Be6 10. Nc3 a6
11. Nxd5 Qa5 12. Rxe6+ fxe6 13. Bg6+ Kd7 14. Nc3 Nge7 15. Bd3 g5
0-1

[Event "Caro Kann Blitz"]
[Site "SchemingMind.com"]
[Date "2008.02.03"]
[Round "-"]
[White "Eduardo Lucas"]
[Black "jdcald13"]
[Result "0-1"]
[WhiteCountry "BRA"]
[BlackCountry "USA"]
[WhiteElo "1627"]
[WhiteRD "86"]
[BlackElo "1953"]
[BlackRD "49"]
[GameID "140156"]

1. e4 c6 2. d4 d5 3. exd5 cxd5 4. c4 Nf6 5. Nc3 e6 6. Nf3 Bb4 7. Bg5 h6 8. Bh4 Qa5 9. Bxf6 Bxc3+ 10. bxc3 Qxc3+
11. Nd2 gxf6
0-1

[Event "Caro Kann Blitz"]
[Site "SchemingMind.com"]
[Date "2008.02.03"]
[Round "-"]
[White "Eduardo Lucas"]
[Black "asanopiyo"]
[Result "1-0"]
[WhiteCountry "BRA"]
[BlackCountry "JPN"]
[WhiteElo "1627"]
[WhiteRD "86"]
[BlackElo "1688"]
[BlackRD "78"]
[GameID "140157"]

1. e4 c6 2. d4 d5 3. exd5 cxd5 4. c4 e6 5. Nf3 Nf6 6. Nc3 dxc4 7. Bxc4 Nc6 8. O-O a6 9. a3 Bd6 10. Bg5 b5
11. Ba2 O-O 12. d5 Ne5 13. dxe6 Nxf3+ 14. Qxf3 fxe6 15. Qxa8 Qc7 16. Bxf6
1-0

[Event "Caro Kann Blitz"]
[Site "SchemingMind.com"]
[Date "2008.02.03"]
[Round "-"]
[White "Eduardo Lucas"]
[Black "keen"]
[Result "0-1"]
[WhiteCountry "BRA"]
[BlackCountry "SCO"]
[WhiteElo "1627"]
[WhiteRD "86"]
[BlackElo "1759"]
[BlackRD "65"]
[GameID "140158"]

1. e4 c6 2. d4 d5 3. exd5 cxd5 4. c4 Nf6 5. Nc3 Nc6 6. Nf3 Bg4 7. cxd5 Nxd5 8. Be2 Nxc3 9. bxc3 e6 10. h3 Bh5
11. O-O Bd6 12. c4 O-O 13. Bg5 f6 14. Be3 Qc7 15. d5 Bxf3 16. Bxf3 Ne5 17. dxe6 Nxf3+
0-1

[Event "Caro Kann Blitz"]
[Site "SchemingMind.com"]
[Date "2008.02.03"]
[Round "-"]
[White "Eduardo Lucas"]
[Black "Schaakmaatje"]
[Result "0-1"]
[WhiteCountry "BRA"]
[BlackCountry "NED"]
[WhiteElo "1627"]
[WhiteRD "86"]
[BlackElo "1746"]
[BlackRD "45"]
[GameID "140159"]

1. e4 c6 2. d4 d5 3. exd5 cxd5 4. c4 Nf6 5. Nc3 Bf5 6. Nf3 e6 7. Bg5 Be7 8. Be2 h6 9. Bxf6 Bxf6 10. cxd5 exd5
11. O-O O-O 12. Rc1 Nc6 13. a3 Re8 14. Re1 Be4 15. Nxe4 dxe4 16. Nd2 Bxd4 17. Nc4 Qf6 18. Ne3 Rad8 19. Qb3 Bxe3 20. Qxe3 Rd4
21. Red1 Red8 22. h3 Qe5 23. f3 exf3 24. Qxf3 Rd2 25. Bc4 Qd4+ 26. Kh2 Rxd1 27. Bxf7+ Kh8 28. Rc4 Qe5+ 29. Rf4 R1d4 30. g3 Rd2+
0-1

[Event "Caro Kann Blitz"]
[Site "SchemingMind.com"]
[Date "2008.02.03"]
[Round "-"]
[White "Eduardo Lucas"]
[Black "MotoXRider31"]
[Result "0-1"]
[WhiteCountry "BRA"]
[BlackCountry "USA"]
[WhiteElo "1632"]
[WhiteRD "89"]
[BlackElo "2172"]
[BlackRD "79"]
[GameID "140160"]

1. e4 c6 2. d4 d5 3. exd5 cxd5 4. c4 Nf6 5. Nc3 Nc6 6. Nf3 Bg4 7. Bd3 Bxf3 8. Qxf3 Nxd4 9. Qd1 dxc4 10. Bxc4 Rc8
11. Bb3 a6 12. O-O e6 13. Be3 Bc5 14. Rc1 O-O 15. Na4 Nxb3 16. axb3 Bxe3 17. fxe3 Rxc1 18. Qxc1 Qd5 19. Qc4 Qd2 20. Qc3 Rd8
21. Nb6 Qxc3 22. bxc3 Ne4 23. c4 Nd2 24. Rd1 Nf3+ 25. Kf2 Rxd1 26. Kxf3 Rb1
0-1

[Event "Caro Kann Blitz"]
[Site "SchemingMind.com"]
[Date "2008.02.02"]
[Round "-"]
[White "Eduardo Lucas"]
[Black "dcon"]
[Result "0-1"]
[WhiteCountry "BRA"]
[BlackCountry "RSA"]
[WhiteElo "1627"]
[WhiteRD "86"]
[BlackElo "2088"]
[BlackRD "70"]
[GameID "140162"]

1. e4 c6 2. d4 d5 3. exd5 cxd5 4. c4 dxc4 5. Bxc4 Bf5 6. Nf3 e6 7. O-O Nf6 8. Nc3 Nc6 9. Bg5 h6 10. Bh4 Rc8
11. Bb3 Be7 12. Rc1 g5 13. Bg3 Ne4 14. Nxe4 Bxe4 15. Nd2 Bd3 16. Re1 Bf6 17. d5 Nd4 18. dxe6 Rxc1 19. exf7+ Kf8 20. Re8+ Qxe8
21. fxe8=Q+ Kxe8 22. Qxc1 Ne2+ 23. Kh1 Nxc1 24. Bd5 Bxb2 25. Bxb7 Nxa2 26. h4 a5 27. Nf3 Nb4 28. Ne5 Bb5
0-1

[Event "Caro Kann Blitz"]
[Site "SchemingMind.com"]
[Date "2008.02.04"]
[Round "-"]
[White "shadrach"]
[Black "Eduardo Lucas"]
[Result "1-0"]
[WhiteCountry "AUS"]
[BlackCountry "BRA"]
[WhiteElo "1799"]
[WhiteRD "91"]
[BlackElo "1627"]
[BlackRD "86"]
[GameID "140163"]

1. e4 c6 2. d4 d5 3. Nc3 dxe4 4. Nxe4 Bf5 5. Ng3 Bg6 6. h4 h6 7. Nf3 e6 8. h5 Bh7 9. Bd3 Nf6 10. Bxh7 Nxh7
11. Qd3 Bd6 12. Ne4 Be7 13. Bd2 O-O 14. O-O-O Na6 15. Kb1
1-0

[Event "Caro Kann Blitz"]
[Site "SchemingMind.com"]
[Date "2008.02.03"]
[Round "-"]
[White "jtrochez1"]
[Black "Eduardo Lucas"]
[Result "1-0"]
[WhiteCountry "HON"]
[BlackCountry "BRA"]
[WhiteElo "1556"]
[WhiteRD "53"]
[BlackElo "1627"]
[BlackRD "86"]
[GameID "140164"]

1. e4 c6 2. d4 d5 3. exd5 cxd5 4. Nf3 Nf6 5. h3 e6 6. Bd3 Bd6 7. Be3 O-O 8. O-O Nc6 9. c3 Bd7 10. Nbd2 Re8
11. Bg5 h6 12. Be3 Rc8 13. a3 e5 14. dxe5 Nxe5 15. Bd4
1-0

[Event "Caro Kann Blitz"]
[Site "SchemingMind.com"]
[Date "2008.02.03"]
[Round "-"]
[White "jdcald13"]
[Black "Eduardo Lucas"]
[Result "1-0"]
[WhiteCountry "USA"]
[BlackCountry "BRA"]
[WhiteElo "1953"]
[WhiteRD "49"]
[BlackElo "1627"]
[BlackRD "86"]
[GameID "140165"]

1. e4 c6 2. d4 d5 3. e5 Bf5 4. Nc3 e6 5. g4 Bg6 6. Nge2 f6 7. f4 h6 8. Be3 Ne7 9. Qd2 f5 10. gxf5 Nxf5
11. O-O-O
1-0

[Event "Caro Kann Blitz"]
[Site "SchemingMind.com"]
[Date "2008.02.03"]
[Round "-"]
[White "asanopiyo"]
[Black "Eduardo Lucas"]
[Result "0-1"]
[WhiteCountry "JPN"]
[BlackCountry "BRA"]
[WhiteElo "1688"]
[WhiteRD "78"]
[BlackElo "1627"]
[BlackRD "86"]
[GameID "140166"]

1. e4 c6 2. d4 d5 3. exd5 cxd5 4. Nc3 e6 5. Nf3 Nf6 6. Bf4 Be7 7. Nb5 Na6 8. c4 O-O 9. c5 Bd7 10. a3 Bxb5
0-1